|
|
|
|
| LEADER |
00000nam0a2200000 4500 |
| 001 |
26492 |
| 005 |
20231030201634.0 |
| 010 |
|
|
|a 5201053297
|
| 035 |
|
|
|a (RuTPU)RU\TPU\book\26736
|
| 035 |
|
|
|a BOOK00026811
|
| 090 |
|
|
|a 26492
|
| 100 |
|
|
|a 20011209d1992 km y0rusy50 ca
|
| 101 |
0 |
|
|a rus
|
| 102 |
|
|
|a RU
|
| 105 |
|
|
|a y z 000ay
|
| 200 |
1 |
|
|a Центральноамериканский конфликт: от противоборства к урегулированию
|f Российская академия наук, Институт Латинской Америки
|
| 210 |
|
|
|a Москва
|c [Б. и.]
|d 1992
|
| 215 |
|
|
|a 204 с.
|
| 610 |
1 |
|
|a политика
|
| 610 |
1 |
|
|a внешняя политика
|
| 610 |
1 |
|
|a Америка
|
| 610 |
1 |
|
|a Центральная Америка
|
| 610 |
1 |
|
|a международные отношения
|
| 610 |
1 |
|
|a конфликты международные
|
| 686 |
|
|
|a Ф4(70)
|v LBC/SL-A
|2 rubbk
|
| 712 |
0 |
2 |
|a Российская академия наук
|b Институт Латинской Америки
|2 stltpush
|3 (RuTPU)RU\TPU\col\131
|
| 801 |
|
0 |
|a RU
|b 63413507
|c 20011209
|g PSBO
|
| 801 |
|
2 |
|a RU
|b 63413507
|c 20100201
|g PSBO
|
| 942 |
|
|
|c BK
|